000
00346cam a2200145 4500
008
020919n2002 000 0 eng u
020
_a
0414012895
035
_a
(Sirsi) u119747
041
_a
eng
100
_a
Ross, K.
245
_a
Contaminated land for conveyancers
260
_a
Edinburgh
_b
W.Green
_c
2002
350
_a
38.00
942
_n
0
999
_c
102379
_d
102379